000 01322nam0a22002651 4500
001 rc\485715
005 20260406121137.0
035 _a(NLR Aleph) 005728209
090 _a7551085
_c7551085
100 _a20030616d1987 |||y0rusy50 ca
101 0 _arus
102 _aRU
105 _ay |||||||||
200 1 _aРОЛЬ региональной петрографии в решении глобальных петрологических проблем
_eТез. докл. выездной сессии, посвящ. 100-летию со дня рождения В.Н. Лодочникова, 13-15 мая 1987 г., Ереван
_f[Отв. ред. акад. АН АрмССР А.Т. Асланян]
210 _aЕреван
_cИзд-во АН АрмССР
_d1987
215 _a39 с.
_d20
300 _aВ надзаг.: АН СССР. Межвед. петрогр. ком., АН АрмССР, Ин-т геол. наук
600 1 _aЛодочников
_bВ.Н.
_gВладимир Никитич
_f1887-1943
_2psbo
702 1 _aАсланян
_bА.Т.
_f1919-
_gАшот Тигранович
_4340
712 0 2 _aАН СССР
_bПетрографический комитет
_3RU\NLR\AUTH\8813684
_9300416
801 0 _aRU
_bNLR
_gpsbo
801 1 _aRU
_bELAR
_2rusmarc
852 _aNLR
_j88-4/9251
942 _cBOOK
980 _aNB